| 000 | 00799nam a2200229 a 4500 | ||
|---|---|---|---|
| 005 | 20240910063838.0 | ||
| 008 | 130918s2009 mx r 000 0 spa d | ||
| 020 | _a9788498382525 | ||
| 035 | _aUPN01000192999 | ||
| 049 | _aCG | ||
| 050 | 4 |
_aPS3568 I6.7 _bB3.7 |
|
| 100 | 1 |
_aRiordan, Rick, _d1964- _934302 |
|
| 245 | 1 | 3 |
_aLa batalla del laberinto : _bPercy Jackson y los dioses del Olimpo : libro cuarto / _cRick Riordan ; tr. Santiago del Rey Farrés. |
| 260 |
_aBarcelona, Esp. : _bSalamandra, _c2009. |
||
| 300 | _a313 p. | ||
| 440 | 0 | _aNarrativa joven | |
| 534 |
_pTítulo original: _tPercy Jackson and the Olympians iv : The Battle of the Labyrinth |
||
| 650 | 4 |
_aLiteratura juvenil estadounidense _912776 |
|
| 650 | 0 |
_aNovela de fantasía _98197 |
|
| 905 | _aLibro | ||
| 999 |
_c165100 _d165100 |
||